000 00420nmm a2200145Ia 4500
008 251105s9999||||xx |||||||||||||||||und||
041 _aspa
100 _aLaurens, Stephanie
245 0 _aEl sabor de la inocencia. Serie Los Cynster 14
264 _a[Madrid, España] :
_bEdiciones B,
_c2013
300 _a489 páginas
650 _aRomance
856 _uhttps://public.digitaliapublishing.com/a/53127
942 _cCF
999 _c104758
_d104758